[Event "SVK-chT2B 1819"]
[Site "Slovakia"]
[Date "2018.10.13"]
[Round "1.8"]
[White "Prvy, Peter"]
[Black "Galla, Richard"]
[Result "1-0"]
[WhiteElo "1747"]
[BlackElo "1395"]
[PlyCount "55"]
[EventDate "2018.10.13"]
[EventType "team-tourn"]
[EventRounds "11"]
[EventCountry "SVK"]
[SourceTitle "CBM 187 Extra"]
[Source "ChessBase"]
[SourceDate "2018.11.04"]
[SourceVersion "1"]
[SourceVersionDate "2018.11.04"]
[SourceQuality "1"]
[WhiteTeam "Topolcany"]
[BlackTeam "Nove Zamky"]
[WhiteTeamCountry "SVK"]
[BlackTeamCountry "SVK"]

1. d4 d5 2. c4 Nf6 3. Nc3 Bf5 4. Nf3 Nc6 5. cxd5 Nxd5 6. Qb3 Nb6 7. d5 Nxd5 8. Qxd5 Qxd5 9. Nxd5 0-0-0 10. Ne3 Nb4 11. Bd2 e6 12. a3 Nc6 13. Nxf5 exf5 14. e3 Bd6 15. Be2 Ne5 16. Bc3 Nxf3+ 17. Bxf3 Rhg8 18. 0-0-0 g5 19. g3 g4 20. Bd5 Rd7 21. h3 c6 22. Bb3 h5 23. Bc2 gxh3 24. Bxf5 Kc7 25. Bxd7 Kxd7 26. Be5 Rg6 27. Bxd6 Rxd6 28. Rxd6+ 1-0

[Event "SVK-chT2B 1617"]
[Site "Slovakia"]
[Date "2017.03.12"]
[Round "11.8"]
[White "Prvy, Peter"]
[Black "Mellen, Milan"]
[Result "0-1"]
[WhiteElo "1783"]
[BlackElo "1812"]
[PlyCount "58"]
[EventDate "2016.10.08"]
[EventType "team-tourn"]
[EventRounds "11"]
[EventCountry "SVK"]
[SourceTitle "EXT 2018"]
[Source "ChessBase"]
[SourceDate "2017.10.13"]
[SourceVersion "1"]
[SourceVersionDate "2017.10.13"]
[SourceQuality "1"]
[WhiteTeam "Topolcany"]
[BlackTeam "Nove Zamky"]
[WhiteTeamCountry "SVK"]
[BlackTeamCountry "SVK"]

1. d4 Nf6 2. c4 g6 3. Nc3 Bg7 4. e4 d6 5. Be3 0-0 6. Bd3 Nc6 7. Nge2 Ng4 8. Qd2 Nxe3 9. Qxe3 e5 10. d5 Nd4 11. 0-0 f5 12. f4 fxe4 13. Nxe4 Nxe2+ 14. Qxe2 exf4 15. Rae1 Qh4 16. Nd2 Bg4 17. Nf3 Bxf3 18. Rxf3 Bd4+ 19. Kh1 Be5 20. b3 Rae8 21. Rh3 Qg5 22. Qe4 Re7 23. Re2 Rfe8 24. Qf3 Bd4 25. Rxe7 Rxe7 26. Qd1 Bf2 27. Bf1 Re1 28. Qd3 Qf5 29. g4 Qxg4 0-1

[Event "SVK-chT2B 0708"]
[Site "Slovakia"]
[Date "2008.03.08"]
[Round "10.2"]
[White "Kovac, Lubomir"]
[Black "Prvy, Peter"]
[Result "1-0"]
[WhiteElo "1818"]
[BlackElo "1583"]
[PlyCount "41"]
[EventDate "2007.10.06"]
[EventType "team-tourn"]
[EventRounds "11"]
[EventCountry "SVK"]
[SourceTitle "EXT 2010"]
[Source "ChessBase"]
[SourceDate "2010.11.25"]
[SourceVersion "1"]
[SourceVersionDate "2010.11.25"]
[SourceQuality "1"]
[WhiteTeam "Sala Slovan Duslo"]
[BlackTeam "Topolcianky Lokomotiva"]
[WhiteTeamCountry "SVK"]
[BlackTeamCountry "SVK"]

1. d4 e6 2. c4 d5 3. Nc3 Nf6 4. Bg5 Be7 5. e3 0-0 6. Nf3 Nc6 7. Rc1 b6 8. cxd5 Nxd5 9. Bxe7 Ncxe7 10. a3 Bb7 11. Bd3 Rc8 12. Ne4 Ng6 13. h4 Nf6 14. Neg5 Ne7 15. e4 h6 16. e5 Nf5 17. exf6 hxg5 18. hxg5 gxf6 19. Rh5 Nxd4 20. Nxd4 fxg5 21. Qg4 1-0